000 00985nam a22002657a 4500
005 20080923102150.0
008 080923t xxu||||| |||| 00| f eng d
010 _aENG-91032
020 _c300.00
035 _aEN-74565
037 _bDBAD / PUB
040 _adpl
_bEnglish
082 _aN
100 _aVatsala, P.
245 _aAgneyam /
_cby P. Vatsala; translated by Vasanthi Sankaranarayanan
260 _aNew Delhi
_bSahitya Akademi
_c2008
270 _aRabindra Bhavan, 35, Ferozeshah Raod,
_bNew Delhi
_e110001
300 _axix, 410p.
_c22 cm (pbk)
500 _aIncludes glossary
500 _aEnglish translation by Vasanthi Sankaranarayanan of P. Vatsala's Malayalam novel
650 _aMalayalam fiction
_xTranslated into english
700 _aSankaranarayanan, Vasanthi
942 _2ddc
_cEN
_mVAT
_hN
999 _c15584
_d15584